|
|
|
|
| LEADER |
00000nab a2200000 a 4500 |
| 001 |
vtls000524095 |
| 003 |
SK-MaSNL |
| 005 |
20260304102621.0 |
| 008 |
250425c1994 xo 0 slo |
| 015 |
|
|
|a SNBRB19rr/mm-uuuuu
|
| 035 |
|
|
|a CL0524233
|
| 035 |
|
|
|a urn:nbn:sk:snk-abd78
|
| 035 |
|
|
|a (urnnbn)urn:nbn:sk:snk:ar-0059r8
|
| 035 |
|
|
|a (uuid)62878244-82b3-46c2-a945-fc07b530f6b1
|
| 040 |
|
|
|a SNKBUCL
|b slo
|c SNKBUCL
|e AACR2
|
| 041 |
0 |
|
|a slo
|
| 044 |
|
|
|a xo
|c SK
|
| 080 |
|
|
|a 630 1:582.632.2:582.28:630 425
|2 1981
|
| 080 |
|
|
|a 582.632.2
|2 1981
|
| 080 |
|
|
|a 582.28
|2 1981
|
| 080 |
|
|
|a 630 425
|2 1981
|
| 080 |
|
|
|a 504.3.054
|2 1981
|
| 100 |
1 |
|
|a Mihál, Ivan,
|d 1965-
|4 aut
|9 27792
|
| 245 |
1 |
0 |
|a Porovnanie mykoflóry dvoch bukových lesných ekosystémov z hľadiska ich rozdielnej antropogénnej záťaže
|c Ivan Mihál
|
| 300 |
|
|
|b Tab. 1, lit. 10 zázn. v angl., češ., poľ., ruš., slov.
|
| 650 |
0 |
7 |
|a lesné ekosystémy
|2 snkbucl
|9 1436
|
| 650 |
0 |
7 |
|a huby
|2 snkbucl
|9 3562
|
| 650 |
0 |
7 |
|a imisie
|2 snkbucl
|9 14222
|
| 655 |
|
7 |
|a články z novín a časopisov
|2 snkbucl
|9 267496
|
| 773 |
0 |
|
|t Lesnícky časopis
|g Roč. 40, č. 3 (1994), s. 209-214
|x 0323-1046
|
| 850 |
|
|
|a Slovenská národná knižnica
|
| 852 |
|
|
|a Slovenská národná knižnica
|
| 954 |
|
|
|a odborná, vedecká literatúra pôvodná (slovenská)
|2 lita
|
| 958 |
|
|
|a article2022
|
| 958 |
|
|
|a OND
|
| 958 |
|
|
|a NB
|
| 958 |
|
|
|a RK
|
| 958 |
|
|
|a EUIPO
|
| 992 |
|
|
|a RBX
|
| 999 |
|
|
|c 2845746
|d 2847676
|